| 000 | 00569nam a2200169 i 4500 | ||
|---|---|---|---|
| 001 | 34027 | ||
| 003 | ES-MaACL | ||
| 005 | 20230906154849.0 | ||
| 007 | t| | ||
| 008 | 030204q1964 po ||||1| por d | ||
| 100 | 1 |
_aBlanco Freijeiro, Antonio. _929252 |
|
| 245 | 1 | 0 |
_aA caça e seus deuses na proto-historia peninsular / _cAntonio Blanco Freijeiro. |
| 260 |
_a[Barcellos : _bs.n., _c1964] ( _fGráficas de Companhia) |
||
| 300 |
_a22 p., 3 lám. ; _c24 cm. |
||
| 500 | _aEs separata de: Revista de Guimaraes, v. LXXIV, 1964. | ||
| 852 |
_aES-MaACL _j2116-F-17 _bR.100401 |
||
| 999 |
_c34027 _d34027 |
||